Recommended practice for lighting industrial facilities

Salvato in:
Dettagli Bibliografici
Enti autori: American National Standards Institute (Autore), Illuminating Engineering Society of North America (Autore)
Natura: Libro
Lingua:inglese
Pubblicazione: Nueva York Illuminating Engineering Society of North America 2001
Soggetti:
Tags: Aggiungi Tag
Nessun Tag, puoi essere il primo ad aggiungerne!!

MARC

LEADER 00000nam a2200000 a 4500
001 UCI1606
003 CL-VaPUC
008 070706e20010000US |||||||||||||||||eng|d
020 |a 0879951761 
082 0 4 |a 621.32  |b AME  |2 21 
110 2 |a American National Standards Institute  |e author  |9 522212 
710 2 |a Illuminating Engineering Society of North America  |e author  |9 522213 
245 1 0 |a Recommended practice for lighting industrial facilities 
300 |a 72 p 
942 |c BK 
945 |d 20070706 00:00:00  |a jtorresc 
260 |a Nueva York  |b Illuminating Engineering Society of North America  |c 2001 
650 7 |a ENERGIA LUMINOSA  |2 CL-VaPUC  |9 522214 
650 7 |a LAMPARAS ELECTRICAS  |2 CL-VaPUC  |9 263429 
650 7 |a ILUMINACION ELECTRICA  |2 CL-VaPUC  |9 522215 
650 7 |a FABRICAS  |2 CL-VaPUC  |9 271593 
583 |a last modification  |c 20070706 00:00:00  |k Rodrigo Vera 
999 |c 326388  |d 326386 
952 |0 0  |1 0  |4 0  |6 621_320000000000000_AME_2001  |7 0  |8 A  |9 408254  |a BIBING  |b BIBING  |d 2019-11-22  |i 4350715  |o 621.32 AME 2001  |p 4350715  |r 2025-01-20  |w 2019-11-22  |y BK  |k EIE